000 00242nam a22000977a 4500
020 _a978-3031342745
040 _cNUST
082 _a624.1519
_bWIN
245 _aGeotechnical Instrumentation and Applications by Myint Win Bo
942 _2ddc
_cBK
999 _c616345
_d616345